Fishing gear and technology; ឧបករណ៍ និងបច្ចកវិទ្យានេសាទ (Record no. 8879)

000 -LEADER
fixed length control field 00330nam a22001217a 4500
040 ## - CATALOGING SOURCE
Transcribing agency SK
082 ## - DEWEY DECIMAL CLASSIFICATION NUMBER
Classification number 344
100 ## - MAIN ENTRY--AUTHOR NAME
Personal name គា គីមអេង
245 ## - TITLE STATEMENT
Title Fishing gear and technology; ឧបករណ៍ និងបច្ចកវិទ្យានេសាទ
260 ## - PUBLICATION, DISTRIBUTION, ETC. (IMPRINT)
Place of publication RUA
Name of publisher គា
Year of publication 2011
300 ## - PHYSICAL DESCRIPTION
Number of Pages 83p.
942 ## - ADDED ENTRY ELEMENTS (KOHA)
Koha item type សៀវភៅភាសាខ្មែរ
952 ## - LOCATION AND ITEM INFORMATION (KOHA)
Withdrawn status [LOCAL, KOHA] 0
Holdings
Permanent Location Date acquired Koha item type Lost status Shelving location Barcode Current Location Full call number
Library Block C2016-08-18សៀវភៅភាសាខ្មែរ C185RUA41779Library Block C344 គា 2011 C185
មជ្ឈមណ្ឌលឯការនៃសាកលវិទ្យាល័យភូមិន្ទកសិកម្មចំការដូង

Powered by Koha